Nitra celkový pohľad : hrad : Internát Vysokej školy poľnohospodárskej : budova Jednoty

Zobrazenie: Štyri čiastkové pohľady, každý v bielom orámovaní, všetky spolu v červeno-striebornom orámovaní. Pohľad z výšky na križovatku ulíc za Univerzitným mostom, v popredí vidno nárožný poschodový obytný dom. Vpravo v popredí je parkovisko. V pozadí za budovami mesta vidno vľavo dve veže Piaris...

Full description

Bibliographic Details
Other Authors: Ondrejkovič, Ivan, 1935-1998 (Photographer)
Format: Photo
Language:Slovak
PhysicalDescription:1 pohľadnica (4 čiastkové pohľady) farebná 15 x 11 cm
Published: Bratislava ČSTK-Pressfoto 1988
Subjects:

MARC

LEADER 00000ckm a2200000 a 4500
001 vtls001200803
003 SK-MaSNL
005 20260331202615.0
007 kf co
008 230706s1988 xo g 0kuslo
015 |a SNBG1988 
035 |a SNK000143873 
035 |a 323077D0-0E74-4BDA-896C-3AE4AD39EE0C 
035 |a urn:nbn:sk:snk-km00git2 
040 |a SNK  |b slo  |c SNK  |e AACR2 
041 0 |a slo 
043 |a e-xo--- 
044 |a xo  |c SK 
072 7 |a 913  |x Regionálna geografia  |2 konspekt 
080 |a 913(437.6)  |2 2011 
080 |a 728.81  |2 2011 
080 |a 726:27-523.42  |2 2011 
080 |a 725.2  |2 2011 
080 |a 712.253  |2 2011 
080 |a 378  |2 2011 
080 |a 351.851  |2 2011 
080 |a 728  |2 2011 
080 |a 904:72  |2 2011 
080 |a 904(084.121)  |2 2011 
100 1 |a Ondrejkovič, Ivan,  |d 1935-1998  |4 pht  |9 7599 
245 1 0 |a Nitra  |h grafika  |b celkový pohľad : hrad : Internát Vysokej školy poľnohospodárskej : budova Jednoty  |c foto: I. Ondrejkovič ; výtvarný návrh: J. Báliková 
246 1 |i Názov na obrazovej časti:  |a Nitra 
260 |a Bratislava  |b ČSTK-Pressfoto  |c 1988  |e Skalica  |f Grafobal 
300 |a 1 pohľadnica (4 čiastkové pohľady)  |b farebná  |c 15 x 11 cm 
520 8 |a Zobrazenie: Štyri čiastkové pohľady, každý v bielom orámovaní, všetky spolu v červeno-striebornom orámovaní. Pohľad z výšky na križovatku ulíc za Univerzitným mostom, v popredí vidno nárožný poschodový obytný dom. Vpravo v popredí je parkovisko. V pozadí za budovami mesta vidno vľavo dve veže Piaristického kostola sv. Ladislava, vpravo od neho je Kostol Navštívenia Panny Márie. Celkom vpravo v diaľke vidno Nitriansky hrad. Pohľad na Nitriansky hrad z parku pod ním. V popredí je kvetinový záhon. Pod hradom sú husté vysoké stromy. Pohľad na budovy Vysokej školy poľnohospodárskej. Pohľad na budovu Jednoty 
610 2 7 |a Piaristický kostol sv. Ladislava (Nitra, Slovensko)  |2 SNKKA  |9 32678 
610 2 7 |a Kostol Navštívenia Panny Márie (Nitra, Slovensko)  |2 SNKKA  |9 156884 
610 2 7 |a Nitriansky hrad  |2 SNKKA  |9 165089 
610 2 7 |a Vysoká škola poľnohospodárska v Nitre  |2 SNKKA  |9 165743 
650 0 7 |a kostoly  |2 SNKPH  |9 3023 
650 0 7 |a hrady  |2 SNKPH  |9 3039 
650 0 7 |a obytné domy  |2 SNKPH  |9 66500 
650 0 7 |a parky  |2 SNKPH  |9 2942 
650 0 7 |a administratívne budovy  |2 SNKPH  |9 2988 
650 0 7 |a vysoké školy  |2 SNKPH  |9 1277 
650 0 7 |a národné kultúrne pamiatky  |2 SNKPH  |9 31192 
651 7 |a Nitra (Slovensko)  |2 SNKPHgeo  |9 15714 
655 7 |a miestne pohľadnice  |2 SNKPH  |9 70510 
655 7 |a pohľadnice kultúrnych pamiatok  |2 SNKPH  |9 70523 
700 1 |a Bálik, Jana,  |d 1982-  |4 art  |9 215084 
852 |a Slovenská národná knižnica 
954 |a pohľadnice pôvodné (slovenské)  |2 lita 
958 |a GBN 
958 |a GC 
958 |a OND 
999 |c 968435  |d 970365 
952 |a SNK  |b SNK  |y PREZ  |7 0  |p 17A1409319  |o snkSP 139402  |i snk1695/88  |0 0  |1 0  |4 0  |d 2020-11-10  |f 1  |l 0  |r 2026-02-24 10:42:58  |w 2026-02-24 
952 |a SNK  |b SNK  |y PREZ  |7 0  |p 17A1409320  |o snkSP 139402 D1  |i snk1696/88  |0 0  |1 0  |4 0  |d 2020-11-10  |l 0  |r 2026-02-24 10:42:58  |w 2026-02-24